Ideología: cuestiones teóricas y metodológicas para su estudio

Spremljeno u:
Bibliografski detalji
Glavni autor: Gálvez Borrell, Víctor
Format: Tekst
Izdano: Guatemala: USAC
Oznake: Dodaj oznaku
Bez oznaka, Budi prvi tko označuje ovaj zapis!

MARC

LEADER 00000 a a2200000 04500
001 21051
003
040
090 |a 090900  
100 |a Gálvez Borrell, Víctor  
245 |a Ideología: cuestiones teóricas y metodológicas para su estudio  
260 |a Guatemala:   |b USAC  
300 |a 15 p.  
999 |c 12719  |d 12719